| 000 | 004820000a22001930004500 | ||
|---|---|---|---|
| 001 | 001697 | ||
| 003 | MACL | ||
| 005 | 20150903142245.0 | ||
| 008 | 150903b xxu||||| |||| 00| 0 eng d | ||
| 040 |
_aMACL _cMACL |
||
| 041 | _aEnglish | ||
| 082 | _a808/SEN | ||
| 100 |
_aSengupta, Kamalini _98907 |
||
| 245 |
_aThe Top Of The Raintree _cKamalini Sengupta |
||
| 260 |
_aNoida _c2007 _bIndian Ink Roli Books, |
||
| 350 | _a295 | ||
| 650 |
_aLiterature _98908 |
||
| 942 |
_k808 _cBK _2ddc |
||
| 999 |
_c13615 _d13615 |
||